Drużyny piłkarskie, które zdobyły potrójną koronę - Statystyki

Ogólne statystyki
  • Ten quiz został rozwiązany 698 razy
  • Średni wynik to 4 z 7
Statystyki odpowiedzi
Odpowiedź % Poprawnych
FC Barcelona
99%
Bayern Monachium
90%
Manchester United
86%
Inter Mediolan
76%
Ajax Amsterdam
53%
Celtic Glasgow
17%
PSV
17%
Nie znaleziono quizów pasujących do podanych kryteriów
Rozkład punktacji
Procent ludzi z każdym wynikiem
Percentyl według liczby udzielonych odpowiedzi
Twoja historia wyników
Nie rozwiązałeś tego quizu